| 000 | 00377nam a2200133 4500 | ||
|---|---|---|---|
| 999 |
_c2508 _d2508 |
||
| 008 | 200306b ||||| |||| 00| 0 eng d | ||
| 082 | 0 | 0 |
_a515.3 _bG724 |
| 100 |
_92099 _aGoyal, D. R. |
||
| 245 | 1 | 0 |
_aComplete guide to differential calculus / _cby D. R. Goyal |
| 260 |
_aMeerut _bPragati Prakashan _c1977 |
||
| 300 | _a492 p. | ||
| 650 | 0 | _aDifferential Calculus | |
| 942 |
_2ddc _cBK |
||